000 01002cam a22001814a 4500
005 20250605163454.0
008 250528s ||||||||||||||||||||||||d
035 _a19950
020 _a195124596
040 _aGR-AtMCL
_bgre
_dGR-AtMCL
_eAACR2
245 1 _aHuman Development Report 1998
260 _bOxford University Press,
_c1998
300 _a228
520 _aThis book reviews the challenges that all people and all countries face - to forge consumption patterns that are more environmentally friendly, more socially equitable, that meet basic needs of all and that protect consumer health and safety. Changing Today's Consumption Patterns - for Tomorrows Human Development, The State of Human Development, Consumption from a Human Development Perspective, Consumption in a Global Village - Unequal and Unbalanced, Unequal Human Impacts of Environmental Damage, Agenda for Action, Human Development Indicators, Boxes, Tables, Figures.
942 _cBK
999 _c5188
_d5188